Statistics for Top 10 most popular Daily newspapers in the UK

Click here to take the quiz!

General Stats

  • This quiz has been taken 510 times
  • The average score is 5 of 10

Answer Stats

HintAnswer% Correct
1The Sun
95%
2The Daily Mail
71%
9The Guardian
70%
6The Times
67%
3The Daily Mirror
50%
10The Independent
50%
5The Daily Telegraph
41%
7The Daily Star
31%
8The Daily Express
30%
4Metro
26%

Score Distribution

Percentile by Number Answered

Percent of People with Each Score

Your Score History

You have not taken this quiz